Quels autres verbes former à partir de ceux-ci ? - Statistiques

Statistiques générales
  • Ce quiz a été pris 67 fois
  • Le résultat moyen est 87 sur 402
Statistiques - réponses
Hint Lettres Mot Definition % Correct
Acheter 7 Arrêter Stopper
70%
Arriver 7 Arrêter Stopper
70%
Connaître 7 Arrêter Stopper
70%
Acheter 5 Aérer Mettre à l'air
67%
Aimer 5 Aérer Mettre à l'air
67%
Aller 5 Aérer Mettre à l'air
67%
Appeler 5 Aérer Mettre à l'air
67%
Apprendre 5 Aérer Mettre à l'air
67%
Arriver 5 Aérer Mettre à l'air
67%
Arriver 5 Aérer Mettre à l'air
67%
Connaître 5 Aérer Mettre à l'air
67%
Demander 5 Aérer Mettre à l'air
67%
Faire 5 Aérer Mettre à l'air
67%
Laisser 5 Aérer Mettre à l'air
67%
Manger 5 Aérer Mettre à l'air
67%
Acheter 4 Etre Auxiliaire
49%
Connaître 4 Etre Auxiliaire
49%
Ecouter 4 Etre Auxiliaire
49%
Entendre 4 Etre Auxiliaire
49%
Apprendre 7 Prendre Saisir
49%
Comprendre 7 Prendre Saisir
49%
Acheter 8 Chercher Essayer de découvrir
44%
Connaître 5 Crier Hurler
44%
Croire 5 Crier Hurler
44%
Ecrire 5 Crier Hurler
44%
Aimer 4 Rire S'amuser
44%
Arriver 4 Rire S'amuser
44%
Connaître 4 Rire S'amuser
44%
Croire 4 Rire S'amuser
44%
Devoir 4 Rire S'amuser
44%
Dire 4 Rire S'amuser
44%
Ecrire 4 Rire S'amuser
44%
Faire 4 Rire S'amuser
44%
Laisser 4 Rire S'amuser
44%
Devoir 4 Dire Exprimer
42%
Dire 4 Dire Exprimer
42%
Comprendre 6 Donner Offrir
42%
Donner 6 Donner Offrir
42%
Devoir 6 Redire Dire de nouveau
42%
Dire 6 Redire Dire de nouveau
42%
Dire 6 Redire Dire de nouveau
42%
Acheter 4 Réer Crier pour le cerf
42%
Aimer 4 Réer Crier pour le cerf
42%
Aller 4 Réer Crier pour le cerf
42%
Appeler 4 Réer Crier pour le cerf
42%
Apprendre 4 Réer Crier pour le cerf
42%
Arriver 4 Réer Crier pour le cerf
42%
Chercher 4 Réer Crier pour le cerf
42%
Commencer 4 Réer Crier pour le cerf
42%
Comprendre 4 Réer Crier pour le cerf
42%
Croire 4 Réer Crier pour le cerf
42%
Demander 4 Réer Crier pour le cerf
42%
Devoir 4 Réer Crier pour le cerf
42%
Dire 4 Réer Crier pour le cerf
42%
Donner 4 Réer Crier pour le cerf
42%
Ecouter 4 Réer Crier pour le cerf
42%
Ecrire 4 Réer Crier pour le cerf
42%
Etre 4 Réer Crier pour le cerf
42%
Faire 4 Réer Crier pour le cerf
42%
Manger 4 Réer Crier pour le cerf
42%
Arriver 5 Rêver Songer
42%
Devoir 5 Rêver Songer
42%
Aller 5 Aller Se déplacer
40%
Appeler 5 Aller Se déplacer
40%
Laisser 5 Aller Se déplacer
40%
Acheter 6 Cacher Soustraire à la vue
40%
Acheter 5 Créer Fabriquer
40%
Chercher 5 Créer Fabriquer
40%
Commencer 5 Créer Fabriquer
40%
Comprendre 5 Créer Fabriquer
40%
Connaître 5 Créer Fabriquer
40%
Croire 5 Créer Fabriquer
40%
Ecouter 5 Créer Fabriquer
40%
Ecrire 5 Créer Fabriquer
40%
Connaître 6 Croire Avoir la foi
40%
Croire 6 Croire Avoir la foi
40%
Arriver 6 Entrer Pénétrer
40%
Connaître 6 Entrer Pénétrer
40%
Entendre 6 Entrer Pénétrer
40%
Apprendre 6 Perdre Egarer
40%
Comprendre 6 Perdre Egarer
40%
Acheter 5 Rater Manquer
40%
Arriver 5 Rater Manquer
40%
Connaître 5 Rater Manquer
40%
Apprendre 6 Rendre Restituer
40%
Arriver 6 Rendre Restituer
40%
Comprendre 6 Rendre Restituer
40%
Demander 6 Rendre Restituer
40%
Donner 6 Rendre Restituer
40%
Entendre 6 Rendre Restituer
40%
Comprendre 5 Dorer Revêtir d'or
37%
Devoir 5 Dorer Revêtir d'or
37%
Donner 5 Dorer Revêtir d'or
37%
Connaître 6 Ecrire Noter
37%
Croire 6 Ecrire Noter
37%
Aller 5 Râler Protester
37%
Appeler 5 Raler Protester
37%
Laisser 5 Raler Protester
37%
Apprendre 11 Réapprendre Apprendre de nouveau.
37%
Comprendre 7 Redorer Restaurer un objet doré
37%
Devoir 7 Redorer Restaurer un objet doré
37%
Donner 7 Redorer Restaurer un objet doré
37%
Apprendre 9 Reprendre Prendre de nouveau
37%
Comprendre 9 Reprendre Prendre de nouveau
37%
Avoir 4 Voir Percevoir par les yeux
37%
Devoir 4 Voir
37%
Aimer 5 Armer Pourvoir d'armes
33%
Demander 5 Armer Pourvoir d'armes
33%
Manger 5 Armer Pourvoir d'armes
33%
Ecouter 7 Ecouter Prêter attention
33%
Arriver 8 Enterrer Inhumer
33%
Connaître 8 Enterrer Inhumer
33%
Entendre 8 Enterrer Inhumer
33%
Laisser 4 Lire Déchiffrer
33%
Comprendre 8 Redonner Rendre
33%
Donner 8 Redonner Rendre
33%
Connaître 8 Réécrire Rédiger de nouveau
33%
Croire 8 Réécrire Rédiger de nouveau
33%
Ecrire 8 Réécrire Rédiger de nouveau
33%
Faire 7 Refaire Faire de nouveau
33%
Acheter 8 Attacher Lier
30%
Commencer 7 Emmener Mener avec soi
30%
Comprendre 7 Emmener Mener avec soi
30%
Demander 7 Emmener Mener avec soi
30%
Manger 7 Emmener Mener avec soi
30%
Laisser 7 Laisser Abandonner
30%
Acheter 8 Racheter Acquérir de nouveau
30%
Acheter 10 Rechercher Chercher
30%
Chercher 10 Rechercher Chercher
30%
Arriver 7 Rentrer Pénétrer
30%
Connaître 7 Rentrer Pénétrer
30%
Entendre 7 Rentrer Pénétrer
30%
Devoir 5 Vider Rendre vide
30%
Devoir 5 Vivre Exister
30%
Manger 5 Nager Se mouvoir dans l'eau
28%
Commencer 5 Orner Décorer
28%
Connaître 5 Orner Décorer
28%
Donner 5 Orner Décorer
28%
Laisser 6 Relier Joindre
28%
Appeler 8 Reparler Parler de nouveau
28%
Arriver 6 Tendre Tirer
28%
Entendre 6 Tendre Tirer
28%
Arriver 6 Tenter Essayer
28%
Connaître 6 Tenter Essayer
28%
Entendre 5 Tenter Essayer
28%
Arriver 5 Virer Tourner
28%
Devoir 5 Virer
28%
Connaître 5 Cirer Encaustiquer
26%
Croire 5 Cirer Encaustiquer
26%
Ecrire 5 Cirer Encaustiquer
26%
Comprendre 9 Commencer Débuter
26%
Manger 6 Gagner Vaincre
26%
Connaître 6 Naitre Venir au monde
26%
Appeler 8 Rappeler Faire revenir
26%
Dire 5 Rider Marquer de rides
26%
Laisser 5 Saler Assaisonner
26%
Laisser 5 Salir Tacher
26%
Arriver 8 Endetter Contracter des dettes
23%
Entendre 8 Endetter Contracter des dettes
23%
Arriver 8 Entendre Percevoir un son
23%
Manger 5 Garer Stationner
23%
Laisser 6 Lisser Eliminer les différences
23%
Commencer 5 Mener Diriger
23%
Comprendre 5 Mener Diriger
23%
Demander 5 Mener Diriger
23%
Manger 5 Mener Diriger
23%
Appeler 6 Parler Arranger
23%
Demander 7 Ramener Reconduire
23%
Manger 7 Ramener Reconduire
23%
Acheter 7 Recréer Reconstituer
23%
Chercher 7 Recréer Reconstituer
23%
Commencer 7 Recréer Reconstituer
23%
Comprendre 7 Recréer Reconstituer
23%
Connaître 7 Recréer Reconstituer
23%
Croire 7 Recréer Reconstituer
23%
Ecouter 7 Recréer Reconstituer
23%
Ecrire 7 Recréer Reconstituer
23%
Laisser 6 Relire Lire de nouveau
23%
Arriver 7 Revivre Retrouver goût à la vie
23%
Devoir 7 Revivre Retrouver goût à la vie
23%
Laisser 6 Seller Munir d'une selle
23%
Demander 6 Amener Mener
21%
Manger 6 Amener Mener
21%
Comprendre 5 Céder Ne plus résister
21%
Commencer 6 Cerner Entourer
21%
Comprendre 6 Cerner Entourer
21%
Connaître 6 Cerner Entourer
21%
Faire 6 Ferrer Chausser un cheval
21%
Connaître 4 Nier Dire non
21%
Apprendre 6 Pendre Fixer par le haut
21%
Comprendre 6 Pendre Fixer par le haut
21%
Comprendre 6 Pondre Faire un oeuf
21%
Appeler 7 Réparer Remettre en bon état
21%
Apprendre 7 Réparer Remettre en bon état
21%
Ecouter 4 Tuer Mettre à mort
21%
Devoir 7 Dévorer Manger abondamment
19%
Arriver 7 Etendre Déployer
19%
Entendre 7 Etendre Déployer
19%
Laisser 6 Lasser Fatiguer
19%
Aimer 6 Marrer Rire
19%
Demander 6 Marrer Rire
19%
Manger 6 Marrer Rire
19%
Comprendre 8 Ordonner Ranger
19%
Donner 8 Ordonner Ranger
19%
Connaître 8 Raconter Conter
19%
Commencer 11 Recommencer Refaire
19%
Comprendre 11 Recommencer Refaire
19%
Commencer 8 Renommer Donner un autre nom
19%
Comprendre 8 Renommer Donner un autre nom
19%
Laisser 6 Serrer Comprimer
19%
Ecouter 6 Trouer Percer
19%
Appeler 7 Appeler S'adresser à un tiers
16%
Arriver 5 Dater Mettre la date
16%
Devoir 6 Dédier Consacrer
16%
Dire 6 Dédier Consacrer
16%
Manger 7 Emerger Sortir de l'eau
16%
Connaître 6 Encrer Enduire d'encre
16%
Manger 5 Gérer Administrer
16%
Manger 6 Ranger Trier
16%
Arriver 7 Raviver Redonner vie
16%
Connaître 8 Renaître Naître de nouveau
16%
Devoir 6 Revoir Retourner dans un lieu
16%
Connaître 5 Tirer Faire feu
16%
Ecouter 6 Coûter Etre pénible
14%
Comprendre 7 Décorer Orner
14%
Demander 8 Démarrer Commencer
14%
Arriver 8 Détendre Relâcher
14%
Entendre 8 Détendre Relâcher
14%
Aimer 6 Marier Unir
14%
Commencer 6 Nommer Appeler
14%
Comprendre 6 Nommer Appeler
14%
Laisser 5 Raser Oter les poils
14%
Arriver 5 Ravir Enlever
14%
Avoir 5 Ravir Enlever
14%
Laisser 7 Réélire Choisir de nouveau
14%
Comprendre 8 Répondre Parler après une question
14%
Laisser 9 Resserrer Serrer de nouveau
14%
Arriver 8 Retarder Faire arriver en retard
14%
Connaître 7 Retirer Enlever
14%
Laisser 6 Saisir Prendre
14%
Connaître 5 Taire Ne pas dire
14%
Arriver 6 Varier Diversifier
14%
Demander 7 Amender Rendre plus fertile
12%
Manger 8 Arranger Disposer
12%
Acheter 6 Carrer Donner une forme carrée
12%
Connaître 6 Carrer Donner une forme carrée
12%
Commencer 6 Corner Plier un coin
12%
Comprendre 6 Corner Plier un coin
12%
Connaître 6 Corner Plier un coin
12%
Connaître 5 Coter Indiquer le cours
12%
Ecouter 5 Coter Indiquer le cours
12%
Connaître 7 Croître Grandir
12%
Comprendre 7 Décéder Mourir
12%
Apprendre 8 Dépendre Faire partie de
12%
Comprendre 8 Dépendre Faire partie de
12%
Acheter 7 Ecarter Eloigner
12%
Connaître 7 Ecarter Eloigner
12%
Manger 9 Emménager S'installer
12%
Manger 5 Gêner Entraver
12%
Acheter 9 Rattacher Relier
12%
Manger 8 Regagner Retourner
12%
Connaître 6 Renier Renoncer
12%
Arriver 5 River Fixer
12%
Aimer 5 Téter Sucer
12%
Connaître 5 Téter Sucer
12%
Ecouter 5 Téter Sucer
12%
Entendre 5 Téter Sucer
12%
Connaître 7 Trainer Tirer après soi
12%
Comprendre 5 Coder Ecrire dans un langage
9%
Connaître 6 Conter Raconter
9%
Ecouter 5 Curer Nettoyer
9%
Comprendre 7 Décoder Déchiffrer
9%
Apprendre 7 Déraper Glisser
9%
Devoir 6 Dévier Détourner
9%
Laisser 5 Elire Choisir
9%
Manger 6 Emaner Provenir
9%
Manger 7 Engager Embaucher
9%
Manger 7 Manager Diriger
9%
Laisser 7 Rallier Unir
9%
Connaître 7 Réciter Dire de mémoire
9%
Laisser 8 Salarier Rétribuer
9%
Arriver 6 Tarder Etre lent à venir
9%
Connaître 6 Titrer Donner un titre
9%
Connaître 5 Trier Ranger
9%
Acheter 8 Arracher Enlever de terre
7%
Manger 7 Arrimer Attacher
7%
Arriver 6 Avérer Reconnaître
7%
Connaître 7 Centrer Mettre eu milieu
7%
Commencer 10 Commémorer Célébrer
7%
Comprendre 10 Commémorer Célébrer
7%
Commencer 9 Concerner Etre intéressé
7%
Comprendre 9 Concerner Etre intéressé
7%
Connaître 9 Concerner Etre intéressé
7%
Acheter 7 Cracher Mépriser
7%
Comprendre 8 Déconner Dire des absurdités
7%
Devoir 7 Dériver Détourner
7%
Ecouter 7 Ecrouer Enfermer
7%
Manger 6 Egarer Perdre
7%
Manger 9 Engranger Mettre de côté
7%
Manger 6 Germer Naître
7%
Connaître 5 Noter Evaluer
7%
Falloir 6 Offrir Donner
7%
Appeler 5 Parer Arranger
7%
Apprendre 5 Parer Arranger
7%
Manger 5 Rager Enrager
7%
Connaître 11 Reconnaître Identifier
7%
Commencer 8 Renoncer Renier
7%
Comprendre 8 Renoncer Renier
7%
Connaître 8 Renoncer Renier
7%
Ecouter 8 Torturer Faire souffrir
7%
Manger 6 Agréer Convenir
5%
Laisser 6 Allier Associer
5%
Manger 8 Aménager Adapter
5%
Connaître 8 Annoncer Faire connaître
5%
Connaître 9 Cantonner Séjourner
5%
Connaître 9 Cartonner Réussir
5%
Connaître 5 Citer Rapporter
5%
Connaître 9 Concerter Décider après réflexion
5%
Connaître 9 Concocter Préparer
5%
Apprendre 8 Dépanner Réparer
5%
Commencer 7 Enoncer Dire
5%
Comprendre 7 Enoncer Dire
5%
Connaître 7 Enoncer Dire
5%
Laisser 5 Léser Tromper
5%
Manger 7 Ménager Economiser
5%
Comprendre 6 Percer Trouer
5%
Comprendre 6 Pomper Aspirer l'eau
5%
Connaître 9 Recentrer Remettre au milieu
5%
Ecouter 8 Recruter Engager
5%
Connaître 7 Retenir Garder pour soi
5%
Acheter 8 Retracer Raconter précisément
5%
Connaître 8 Retracer Raconter précisément
5%
Connaître 6 Rincer Passer sous l'eau
5%
Ecouter 5 Rouer Battre violemment
5%
Connaître 5 Tenir Avoir
5%
Connaître 9 Accroître Rendre plus grand
2%
Connaître 9 Actionner Mettre en mouvement
2%
Connaître 8 Anéantir Détruire
2%
Arriver 8 Attarder Rester plus que prévu
2%
Connaître 8 Atterrir Se poser
2%
Connaître 7 Attirer Inciter
2%
Connaître 10 Concentrer Réunir
2%
Connaître 9 Connecter Relier
2%
Connaître 9 Contenter Rendre heureux
2%
Connaître 10 Contracter Serrer
2%
Connaître 7 Contrer S'opposer
2%
Comprendre 5 Doper Augmenter la puissance
2%
Connaître 9 Entrainer Former
2%
Manger 5 Gager Garantir
2%
Manger 7 Générer Produire
2%
Connaître 7 Initier Recevoir dans un groupe
2%
Comprendre 7 Modérer Diminuer
2%
Comprendre 6 Mordre Blesser
2%
Comprendre 8 Précéder Devancer
2%
Comprendre 8 Procéder Agir
2%
Comprendre 9 Prononcer Dire
2%
Laisser 8 Réaliser Faire
2%
Demander 10 Redémarrer Repartir
2%
Manger 6 Régner Exercer le pouvoir
2%
Connaître 8 Réitérer Refaire
2%
Connaître 10 Rencontrer Se trouver en présence
2%
Appeler 7 Repérer Marquer
2%
Apprendre 7 Repérer Marquer
2%
Comprendre 7 Repérer Marquer
2%
Comprendre 6 Rompre Casser
2%
Connaître 6 Ternir Oxyder
2%
Acheter 6 Tracer Aller vite
2%
Connaître 6 Tracer Aller vite
2%
Connaître 7 Traiter Agir
2%
Connaître 6 Ancrer Enraciner
0%
Connaître 7 Cintrer Plier
0%
Connaître 7 Coincer Bloquer
0%
Comprendre 8 Concéder Céder
0%
Connaître 9 Contacter Appeler
0%
Connaître 8 Contenir Avoir une certaine capacité
0%
Connaître 12 Contrecarrer S'opposer
0%
Comprendre 8 Coopérer Agir ensemble
0%
Comprendre 10 Coordonner Organiser
0%
Comprendre 9 Corrompre Altérer
0%
Connaître 6 Craner Affecter la bravoure
0%
Comprendre 8 Décerner Donner
0%
Comprendre 8 Dénoncer Trahir
0%
Devoir 6 Driver Diriger
0%
Connaître 9 Entériner Valider
0%
Connaître 10 Entretenir Faire durer
0%
Connaître 6 Etirer Détendre
0%
Connaître 7 Etonner Surprendre
0%
Connaître 8 Incarner Donner vie
0%
Connaître 7 Inciter Pousser
0%
Comprendre 6 Opérer Accomplir
0%
Connaître 8 Orienter Diriger
0%
Appeler 8 Préparer Mettre en état
0%
Apprendre 8 Préparer Mettre en état
0%
Comprendre 8 Procréer Engendrer
0%
Comprendre 8 Promener Déplacer
0%
Comprendre 6 Prôner Vanter
0%
Faire 7 Référer Recourir à
0%
Manger 9 Régénérer Reconstituer
0%
Connaître 10 Réorienter Rediriger
0%
Apprendre 8 Répandre Faire tomber
0%
Laisser 8 Résilier Supprimer
0%
Connaître 8 Tartiner Etaler
0%
Aucun quiz correspondant
Distribution des résultats
% des personnes avec chaque résultat
Percentile par nombre de réponses
Votre historique - résultats
Vous n’avez pas pris ce quiz